| 000 | 01794cam a22003854i 4500 | ||
|---|---|---|---|
| 003 | PE-LiUPU | ||
| 005 | 20250731184056.0 | ||
| 008 | 150617s r 000 0 d | ||
| 035 | _a(Sirsi) a18416 | ||
| 040 |
_aPE-LiUPU _bspa _cPE-LiUPU _erda |
||
| 049 | _aPRUA | ||
| 082 | 0 | 4 |
_a869 _bB/ 7/ M42 _221 |
| 100 | 1 |
_aMenéndez Pidal, Ramón, _eautor. |
|
| 245 | 1 | 0 |
_aMis páginas preferidas : _btemas literarios / _cRamón Menéndez Pidal. |
| 264 | 1 |
_aMadrid : _bGredos, _c1973. |
|
| 300 |
_a369 páginas ; _c19 cm. |
||
| 336 |
_atext _2rdacontent |
||
| 337 |
_aunmediated _2rdamedia |
||
| 338 |
_avolume _2rdacarrier |
||
| 490 | 0 |
_aBiblioteca Románica Hispánica Antología Hispánica ; _v7 |
|
| 505 | 0 | _aReliquias de la poesía épica española. Tradicionalidad de la épica medieval. -Problemas de la poesía épica. -Los godos y el origen de la epopeya española. -Leyenda de la condesa traidora. -Poesía popualr y poesía tradicional en la literatura española. -Proemio de Flor nueva de romances viejos. -El estilo de Santa Teresa. -Un aspecto en la elaboración del Quijote. -Cervantes y el ideal caballeresco. -Lope de Vega. El arte nuevo y la nueva biografía. | |
| 526 | _aP145 | ||
| 526 | _aP127 | ||
| 526 | _aP97 | ||
| 526 | _aP14 | ||
| 526 | _aP07 | ||
| 650 | 0 | 4 | _aLiteratura española. |
| 910 |
_ajck _bjvq _cjck _d20150616 |
||
| 942 |
_2ddc _cBOOK |
||
| 949 |
_a869 B/ 7/ M42 _wDEWEY _c1 _i36170 _lCCODEBUL1 _mBUL _p00.00 _r0 _sY _tBOOK _u2015-04-21 _xEDUCACION _zUNKNOWN _0COMPRA _o.STAFF. Colección General |
||
| 994 |
_aC0 _bPEPRU |
||
| 596 | _a1 | ||
| 999 |
_a869 B/ 7/ M42 _wDEWEY _c18105 _i36170 _f2021-11-9 _g6 _lCCODEBUL1 _mBUL _r0 _sY _tBOOK _u2015-4-21 _xEDUCACION _zUNKNOWN _0COMPRA _o.STAFF. Colección General _d18105 |
||
| 980 |
_81 _gALBERTO SANCHEZ Responsable de Automatización |
||